| 000 | 00658nam a2200169 4500 | ||
|---|---|---|---|
| 001 | 16483 | ||
| 010 | _a9789895663347 | ||
| 021 | _b521 106/23 | ||
| 090 | _a16483 | ||
| 100 | _a20260420 pory50 | ||
| 200 |
_aDa voz lírica do Alentejo _dContributo para o estudo da Literatura oral e tradicional do concelho de Reguengos de Monsaraz _fLina Santos Mendoça |
||
| 210 |
_aLisboa _cEd. Colibri _d2024 |
||
| 215 |
_a536 p. _d23 cm |
||
| 300 | _aTese dout. Estudos de Literatura e de Cultura (Literatura Oral Tradicional), Faculdade de Letras, Universidade de Lisboa, 2018 | ||
| 606 |
_9189 _aFolclore. Tradição popular. |
||
| 801 |
_aPT _bBMA _gRPC |
||
| 990 | _cLIVROS | ||